<?xml version="1.0" encoding="UTF-8"?>
<collection xmlns="http://www.loc.gov/MARC21/slim">
 <record>
  <leader>01555nam a2200277 a 4500</leader>
  <controlfield tag="001">1/47002</controlfield>
  <controlfield tag="008">170222s2016    gr            001 0 gre  </controlfield>
  <datafield tag="020" ind1=" " ind2=" ">
   <subfield code="a">9789604617135</subfield>
  </datafield>
  <datafield tag="035" ind1=" " ind2=" ">
   <subfield code="l">49981</subfield>
  </datafield>
  <datafield tag="040" ind1=" " ind2=" ">
   <subfield code="a">GR-PeUP</subfield>
  </datafield>
  <datafield tag="082" ind1="0" ind2="0">
   <subfield code="a">005.13'3 HAR ΜΤΦ</subfield>
  </datafield>
  <datafield tag="100" ind1="1" ind2=" ">
   <subfield code="a">Harold, Elliotte Rusty.</subfield>
  </datafield>
  <datafield tag="245" ind1="1" ind2="0">
   <subfield code="a">Προγραμματισμός δικτυακών εφαρμογών με Java /</subfield>
   <subfield code="c">Elliotte Rusty Harold ;μετάφραση Γιώργος Στάμου ;επιστημονική επιμέλεια Στέργιος Παπαδημητρίου.</subfield>
  </datafield>
  <datafield tag="260" ind1=" " ind2=" ">
   <subfield code="a">Αθήνα :</subfield>
   <subfield code="b">Κλειδάριθμος,</subfield>
   <subfield code="c">2016.</subfield>
  </datafield>
  <datafield tag="300" ind1=" " ind2=" ">
   <subfield code="a">519 σ. :</subfield>
   <subfield code="b">εικ. ;</subfield>
   <subfield code="c">29 εκ.</subfield>
  </datafield>
  <datafield tag="500" ind1=" " ind2=" ">
   <subfield code="a">Τίτλος πρωτοτύπου:Java network programming. 4η Αμερικανική έκδοση.</subfield>
  </datafield>
  <datafield tag="500" ind1=" " ind2=" ">
   <subfield code="a">Περιέχει ευρετήριο.</subfield>
  </datafield>
  <datafield tag="650" ind1=" " ind2="4">
   <subfield code="a">Java (Computer program language)</subfield>
   <subfield code="x">Handbooks, manuals, etc.</subfield>
  </datafield>
  <datafield tag="650" ind1=" " ind2="4">
   <subfield code="a">Internet programming</subfield>
   <subfield code="x">Handbooks, manuals, etc.</subfield>
  </datafield>
  <datafield tag="650" ind1=" " ind2="4">
   <subfield code="a">Application program interfaces (Computer software)</subfield>
   <subfield code="x">Handbooks, manuals, etc.</subfield>
  </datafield>
  <datafield tag="650" ind1=" " ind2="4">
   <subfield code="a">JAVA (Γλώσσα προγραμματισμού).</subfield>
  </datafield>
  <datafield tag="700" ind1="1" ind2=" ">
   <subfield code="a">Στάμου, Γεώργιος.</subfield>
  </datafield>
  <datafield tag="700" ind1="1" ind2=" ">
   <subfield code="a">Παπαδημητρίου, Στέργιος.</subfield>
  </datafield>
  <datafield tag="852" ind1=" " ind2=" ">
   <subfield code="a">INST</subfield>
   <subfield code="b">UNIPILB</subfield>
   <subfield code="c">EUDOXOS</subfield>
   <subfield code="e">20170222</subfield>
   <subfield code="h">005.13'3 HAR ΜΤΦ</subfield>
   <subfield code="p">00177031</subfield>
   <subfield code="q">00177031</subfield>
   <subfield code="t">EUDOX</subfield>
   <subfield code="y">0</subfield>
   <subfield code="4">3</subfield>
  </datafield>
  <datafield tag="852" ind1=" " ind2=" ">
   <subfield code="a">INST</subfield>
   <subfield code="b">UNIPILB</subfield>
   <subfield code="c">EUDOXOS</subfield>
   <subfield code="e">20170222</subfield>
   <subfield code="h">005.13'3 HAR ΜΤΦ</subfield>
   <subfield code="p">00177032</subfield>
   <subfield code="q">00177032</subfield>
   <subfield code="t">EUDOX</subfield>
   <subfield code="y">0</subfield>
   <subfield code="4">2</subfield>
  </datafield>
  <datafield tag="852" ind1=" " ind2=" ">
   <subfield code="a">INST</subfield>
   <subfield code="b">UNIPILB</subfield>
   <subfield code="c">EUDOXOS</subfield>
   <subfield code="e">20170222</subfield>
   <subfield code="h">005.13'3 HAR ΜΤΦ</subfield>
   <subfield code="p">00177033</subfield>
   <subfield code="q">00177033</subfield>
   <subfield code="t">EUDOX</subfield>
   <subfield code="y">0</subfield>
   <subfield code="4">1</subfield>
  </datafield>
 </record>
</collection>
